00295nam a2200133Ia 45000030006000000080041000060400015000471000019000622450016000812500010000972600025001075460012001320050017001440STCL150530s9999 xx 000 0 und d aSTCLcSTCL aDaniel Sargent aThomas More aFirst bSheed and wardc1938 aEnglish20220125171410.0